Ricostruisci la Carriera del Calciatore - Neven Subotić - Statistics

Statistiche generali
  • Questo quiz è stato fatto 2 volte
  • Il punteggio medio è 3 su 8
Statistiche sulle risposte
Hint Risposta % Corretto
2017 Colonia
100%
2021 Altach
50%
2008-2016 Borussia Dortmund
50%
2019-2020 Union Berlino
50%
2017-2018 Borussia Dortmund
0%
2020 Denizlispor
0%
2007-2008 Magonza
0%
2018-2019 Saint-Étienne
0%
Nessun quiz corrispondente trovato
Distribuzione punteggi
Percentuale di utenti per punteggio
Percentile per numero di risposta
I tuoi punteggi nel tempo
Non hai fatto questo quiz